Velký Šaryš

Zobrazenie: 2 čiastkové pohľady

Bibliographic Details
Format: Photo
Language:Slovak
Hungarian
PhysicalDescription:1 pohľadnica čb 14x9 cm
Published: [Slovensko?] [vydavateľ neznámy] [medzi 1905 a 1950?]
Subjects:

MARC

LEADER 00000nkmaa2200000 a 4500
001 vtls010172038
003 SK-MaSNL
005 20260425230840.0
007 kf bo
008 231204q1905 xo 000 ||00 k|slo
035 |a 711C63AE-5ECF-4FE4-B92B-FC8C9477E2E6 
035 |a urn:nbn:sk:snk-km001mzy 
035 |a urn:nbn:sk:snk-kmtit6 
040 |a SNKLA  |b slo  |c SNKLA  |e AACR2 
041 0 |a slo  |a hun 
044 |a xo  |c SK 
245 0 0 |a Velký Šaryš  |h [grafika] 
246 1 1 |a Nagy Saros 
260 |a [Slovensko?]  |b [vydavateľ neznámy]  |c [medzi 1905 a 1950?] 
300 |a 1 pohľadnica  |b čb  |c 14x9 cm 
520 8 |a Zobrazenie: 2 čiastkové pohľady 
651 7 |a Veľký Šariš (Slovensko)  |2 SNKPH  |9 17491 
651 7 |a Slovensko  |2 SNKPH  |9 14231 
655 7 |a miestne pohľadnice  |2 SNKPH  |9 70510 
958 |a GC 
958 |a BLA 
999 |c 687539  |d 689469 
952 |a SNKLA  |b SNKLA  |c SNKLA_DEP  |y NEVYP  |7 0  |p 17A0656140  |o snkPV 41/4  |i snkLA 5904/1972  |0 0  |1 0  |4 0  |d 2014-08-15  |f 1  |l 0  |r 2026-02-23 20:16:57  |w 2026-02-23